000 01277cam a22003497i 4500
999 _c1439
_d1439
001 19055011
003 OSt
005 20221229150709.0
008 160414t20162016nyua j 001 0 eng d
010 _a 2016285077
020 _a9781508190738
_q(pbk.)
035 _a(OCoLC)ocn922912360
040 _aBTCTA
_beng
_cBTCTA
_erda
_dYDXCP
_dBDX
_dOCLCQ
_dHHO
_dOCLCO
_dDLC
_dKH8
042 _alccopycat
082 0 4 _a578.769 LYN
_223
100 1 _aLynch, Annabelle.
_eauthor.
245 1 4 _aThe seaside /
_cby Annabelle Lynch.
264 1 _aNew York :
_bWindmill Books,
_c2016.
300 _a24 pages :
_bcolor illustrations ;
_c24 cm.
336 _atext
_btxt
_2rdacontent
337 _aunmediated
_bn
_2rdamedia
338 _avolume
_bnc
_2rdacarrier
490 1 _aNature explorers
500 _aIncludes index.
650 0 _aSeashore
_vJuvenile literature.
650 0 _aSeashore ecology
_vJuvenile literature.
650 0 _aSeashore biology
_vJuvenile literature.
800 1 _aLynch, Annabelle.
_tNature explorers.
906 _a7
_bcbc
_ccopycat
_d2
_encip
_f20
_gy-gencatlg
942 _2ddc
_cNFIC